Unit 4 Culture + Migration - Statistics

General Stats
  • This quiz has been taken 19 times
  • The average score is 13 of 15
Answer Stats
Hint Answer % Correct
beliefs, attitudes, and practices of a group of people is called culture
100%
the spread of ideas and products from one place to another is called culture __ diffusion
93%
when urban areas get bigger and have more opportunities this creates more (similarity or diversity) diversity
93%
creating something new to meet a specific need is called innovation
93%
good things that attract people to new places are called ___ factors pull
93%
bad things that force people to leave are called __ factors push
93%
a group of people with the same culture is called society
93%
when countries exchange goods with each other it is called trade
93%
when people are starving this is called a __ (famine, drought, overpopulation) famine
87%
when diseases spread all over the world this is a (positive or negative) __ impact of culture diffusion negative
87%
too many people is called this push factor (famine, drought, overpopulation) overpopulation
87%
a person that escapes their country because it is unsafe to stay there is called a __ refugee
87%
__ culture diffusion is when someone does something and it spreads to all people doing it contagious
80%
the movement of people from one place to another is called migration
80%
when you study someone's culture from their way of doing things versus your own perspectives is called culture __ relativism
73%
No matching quizzes found
Score Distribution
Percent of People with Each Score
Percentile by Number Answered
Your Score History
You have not taken this quiz